000 02122nam0a2200445 4500
001 RU\NLR\bibl\127596
005 20260407082355.0
035 _a(NLR Aleph) 000125000
090 _a712737
_c712737
100 _a20010111d1998 |||y0rusy50 ca
101 0 _arus
102 _aRU
105 _ay |||||||||
135 _acrmn mmmanaba
200 1 _aБелгородский край в " Курских епархиальных ведомостях "
_eБиблиогр. указ.
_fБелгор. гос. универс. науч. б-ка. Отд. краевед. литературы
_g[Сост. А.Н. Крупенков
_gРед. Т.В. Петрова]
210 _aБелгород
_cБ.и.
_d1998
215 _a145 с.
_d20
300 _aНа обл.: К 2000-летию христианства
320 _aИмен. указ.: с. 131-138
320 _aГеогр. указ.: с. 139-143
325 _aКопия доступна в Электрон. б-ке РНБ
601 0 2 _aКурская епархия
_jБиблиография
_xИстория
_92191468
_3RU\NLR\auth\661317338
686 _aЭ372.24-605.1я1
702 1 _aКрупенков
_bА. Н.
_4220
702 1 _aПетрова
_bТ. В.
_4340
711 0 2 _aБелгородская государственная универсальная научная библиотека
_3RU\NLR\AUTH\8810043069
_9585602
712 0 2 _4570
_a"Курские епархиальные ведомости", журн.
_3RU\NLR\AUTH\8810029544
_9557672
801 0 _aRU
_bNLR
_c20010111
_gPSBO
801 1 _aRU
_bNLR
_c20010111
852 _aNLR
_jС К-1/8173
942 _cBOOK
980 _aNB
981 2 2 _a(22) Материалы по истории России
_b(22) Материалы по отдельным регионам
981 1 1 _a(11) Библиографические указатели